Modelovanie prenosovej cesty v prostredí metalických homogénnych vedení pre prenos signálov v prístupovej sieti s využitím princípov technológie xDSL

Enregistré dans:
Détails bibliographiques
Auteur principal: Chripko, Martin (Auteur)
Autres auteurs: Róka, Rastislav, 1972- (Directeur de thèse)
Format: Manuscrit Livre
Langue:slovaque
Publié: Bratislava : STU v Bratislave FEI, 2001
Sujets:
Tags: Ajouter un tag
Pas de tags, Soyez le premier à ajouter un tag!

MARC

LEADER 00000ntm a22000003a 4500
001 stu73576
005 20150617225647.2
008 020204s2001------------------------slo-d
040 |a STU  |b slo 
041 0 |a slo 
100 1 |a Chripko, Martin  |4 aut  |u E240  |U FEI Fakulta elektrotechniky a informatiky  |T FEI Katedra telekomunikácií  |U E240  |Y 72 
245 1 |a Modelovanie prenosovej cesty v prostredí metalických homogénnych vedení pre prenos signálov v prístupovej sieti s využitím princípov technológie xDSL 
260 |a Bratislava :  |b STU v Bratislave FEI,  |c 2001 
300 |a 68 s 
650 7 |a informatika  |2 stusub 
700 1 |a Róka, Rastislav,  |d 1972-  |4 ths  |u E070  |U FEI Fakulta elektrotechniky a informatiky  |T FEI Ústav telekomunikácií  |X 1946  |U E070  |Y 818  |7 A000001946